000 00419nam a22001817a 4500
003 OSt
005 20211116134821.0
008 211116b |||||||| |||| 00| 0 eng d
020 _a0205310389
040 _cHU
082 _a371.39/JOY
100 _aJAMES M. WOLF
_918619
245 _aMODELS OF TEACHING
250 _a6TH
260 _aAMERICA
_bALLYN AND BACON
_c2000
300 _a540P
942 _2ddc
_cBOOKS
_n0
999 _c18481
_d18481